A kazár népnévről

Elmentve itt :
Bibliográfiai részletek
Szerző: Róna-Tas András
Dokumentumtípus: Cikk
Megjelent: Magyar Tudományos Akadémia Budapest 1982
Sorozat:Nyelvtudományi közlemények : a Magyar Tudományos Akadémia Nyelvtudományi Intézetének folyóirata
Kulcsszavak:Magyar nyelv - etimológia
Tárgyszavak:
Online Access:http://misc.bibl.u-szeged.hu/64486
LEADER 00899nab a2200229 i 4500
001 misc64486
005 20230214095843.0
008 220829s1982 hu o 0|| hun d
040 |a SZTE Miscellanea Repozitórium  |b hun 
041 |a hun 
041 |a eng 
100 2 |a Róna-Tas András 
245 1 2 |a A kazár népnévről  |h [elektronikus dokumentum] /  |c  Róna-Tas András 
260 |a Magyar Tudományos Akadémia  |b Budapest  |c 1982 
300 |a 349-380  |c 24 cm 
490 0 |a Nyelvtudományi közlemények : a Magyar Tudományos Akadémia Nyelvtudományi Intézetének folyóirata 
561 |a Németh Gyula hagyaték 
591 |a NOA 5117; NOA 5118; LOA 3233; XKEK 1041; XKEK 1874; OA 7017 
650 4 |a Bölcsészettudományok 
650 4 |a Nyelvek és irodalom 
695 |a Magyar nyelv - etimológia 
856 4 0 |u http://misc.bibl.u-szeged.hu/64486/1/7017_oa.pdf  |z Dokumentum-elérés